Indian foreign policy/ (Record no. 165543)

MARC details
000 -LEADER
fixed length control field 00537nam a22001817a 4500
005 - DATE AND TIME OF LATEST TRANSACTION
control field 20190621150001.0
010 ## - LCCN (DPL NO)
LC control number B-125696
020 ## - INTERNATIONAL STANDARD BOOK NUMBER
International Standard Book Number 9780199494262
Terms of availability 325.00
035 ## - SYSTEM CONTROL NUMBER
System control number EN-109228
037 ## - SOURCE OF ACQUISITION
Source of stock number/acquisition DBAD/PUB
082 ## - DEWEY DECIMAL CLASSIFICATION NUMBER
Classification number 327.54
100 ## - MAIN ENTRY--PERSONAL NAME
Personal name Ganguly, sumit
245 ## - TITLE STATEMENT
Title Indian foreign policy/
Statement of responsibility, etc by Sumit Ganguly
260 ## - PUBLICATION, DISTRIBUTION, ETC. (IMPRINT)
Place of publication, distribution, etc New Delhi
Name of publisher, distributor, etc Oxford university press
Date of publication, distribution, etc 2019
270 ## - ADDRESS
Address 2/11 Gounds floor, Ansari Road,
City Dhayaganj, New Delhi
Postal code 110002
300 ## - PHYSICAL DESCRIPTION
Extent 206p.
Dimensions 19cm(pbk)
942 ## - ADDED ENTRY ELEMENTS (KOHA)
Source of classification or shelving scheme Dewey Decimal Classification
Item type English Books
Classification part 327.54
Call number suffix GAN
Holdings
Withdrawn status Lost status Not for loan Collection code Home library Current library Date acquired Source of acquisition Cost, normal purchase price Full call number Barcode Copy number Cost, replacement price Koha item type
      Non-fiction Central Library Central Library 21/06/2019 DBAD/PUB 325.00 327.54 GAN EN-109228 1 325.00 English Books

© Delhi Public Library
Hit Counter
free hit counter